000 00632nam a2200229 i 4500
001 C2-0126412
003 PPAK
005 20180727115527.0
008 970914s1987 io |||| ||||| | may d
040 _aPPAK
_beng
_cPPAK
_erda
082 0 4 _a899.2211
_223
090 0 0 _a899.2211
_bWAL
_dKIH
100 1 _aWaluyo, Herman J.,
_eauthor
245 1 0 _aTeori dan apresiasi puisi
264 1 _aJakarta, Indonesia :
_bPenerbit Erlangga ,
_c1987
300 _axiv, 343 pages ;
_c23 cm
336 _2rdacontent
_atext
337 _2rdamedia
_aunmediated
338 _2rdacarrier
_avolume
650 1 0 _aIndonesian poetry
942 _ddc
_cB
999 _c37347
_d37347